000 00554nam a2200133Ia 4500
008 231221s9999 xx 000 0 und d
041 _aEnglish
082 _aQPMSPG04-950
245 0 _aImmunotechnology (BTP 403) : Biotechnology [electronic resource : question paper] : Fourth sem M.Sc. examination, May/Jun 2004 (PG-241) (2004-
260 _c2004/05
_bVTU
_aBangalore
650 _aImmunotechnology,:,Biotechnology,(electronic,:,paper),:,Fourth,semester,M.Sc.,examination,,May/Jun,2004,(PG-241),(2004-
650 _aM.Sc., Biotechnology
942 _cDL
999 _c204824
_d204824